Quiz emoji marque - Statistiques

Statistiques générales
  • Ce quiz a été pris 185 fois
    73 depuis la dernière actualisation
  • Le résultat moyen est 9 sur 15
Statistiques - réponses
Emoji Marque % Correct
🍎⬛️📱 Apple
97%
🐊👕 Lacoste
97%
🐴🟨🟥🏎️ Ferrari
92%
👻🟡 Snapchat
90%
🟥▶️ Youtube
89%
🕊️🟦->X X
82%
📷🟥 Instagram
64%
🚗🦁 Peugeot
59%
⬛🟨🖋️ Bic
57%
🟨🟦🛋️ Ikea
56%
🥫🍝 Panzani
54%
🛋️🇮🇹 Poltronesofa
39%
🟢 360 Xbox
26%
👕🍍🥈 Adidas
23%
🟥🟨⚽️🇫🇷 RC Lens
21%
Aucun quiz correspondant
Distribution des résultats
% des personnes avec chaque résultat
Percentile par nombre de réponses
Votre historique - résultats
Vous n’avez pas pris ce quiz depuis la dernière actualisation